Top 70 -- Largest City in Each Country With >= 10 Letters - Statistics

General Stats
  • This quiz has been taken 66 times
  • The average score is 25 of 70
Answer Stats
# Population Country Answer % Correct
1 14,800,000 South Africa Johannesburg
100%
4 6,250,000 Egypt Alexandria
81%
6 5,950,000 Mexico Guadalajara
79%
11 3,150,000 Madagascar Antananarivo
77%
9 4,450,000 Morocco Casablanca
77%
20 1,800,000 Denmark Copenhagen
75%
5 6,100,000 United Kingdom Manchester
75%
38 478,040 Slovakia Bratislava
73%
13 3,050,000 Haiti Port-au-Prince
73%
19 1,810,000 Uruguay Montevideo
71%
10 3,425,000 Burkina Faso Ouagadougou
71%
22 1,610,000 Mongolia Ulaanbaatar
71%
15 2,475,000 Republic of Congo Brazzaville
67%
8 5,050,000 Bangladesh Chittagong
67%
2 7,500,000 United States Philadelphia
67%
43 377,900 New Zealand Christchurch
65%
27 1,220,000 Honduras Tegucigalpa
65%
32 725,729 Sweden Gothenburg
63%
23 1,500,000 Mauritania Nouakchott
60%
31 802,392 Greece Thessaloniki
60%
16 2,375,000 Colombia Barranquilla
56%
34 703,940 Gabon Libreville
56%
18 1,820,000 Russia Novosibirsk
54%
14 2,875,000 DR Congo Lubumbashi
50%
7 5,600,000 Pakistan Rawalpindi
50%
51 240,924 Suriname Paramaribo
48%
30 1,060,000 Chile Valparaiso
48%
25 1,280,000 Bolivia Cochabamba
46%
46 286,598 Romania Cluj-Napoca
40%
57 212,670 Cote d'Ivoire Yamoussoukro
40%
24 1,360,000 Venezuela Barquisimeto
35%
37 489,538 France Strasbourg
33%
45 318,258 Australia Wollongong
31%
39 448,028 Algeria Constantine
29%
3 6,450,000 China Shijiazhuang
29%
21 1,790,000 Indonesia Yogyakarta
29%
17 1,960,000 Japan Kitakyushu
27%
29 1,100,000 Turkey Diyarbakır
25%
26 1,260,000 Brazil Florianópolis
23%
42 402,700 Germany Mönchengladbach
21%
52 230,861 Turkmenistan Turkmenabat
21%
44 371,889 Spain Valladolid
21%
33 710,052 Ukraine Zaporizhia
21%
12 3,075,000 India Coimbatore
17%
28 1,130,000 Iran Kermanshah
17%
60 191,733 Reunion Saint-Denis
15%
67 155,600 Netherlands Amersfoort
13%
56 213,375 Cuba Guantanamo
13%
68 153,603 Switzerland Winterthur
13%
40 409,994 Yemen Al-Hudaydah
10%
59 205,969 Poland Czestochowa
10%
70 146,315 Serbia Kragujevac
10%
54 220,786 Canada Abbotsford - Mission
8%
63 178,361 Zambia Livingstone
8%
41 407,618 Argentina Resistencia
8%
35 676,492 Iraq Sulaymaniyah
8%
55 214,874 Senegal Ziguinchor
8%
47 253,734 Myanmar Mawlamyine
6%
48 252,132 Guadeloupe Pointe-à-Pitre
6%
62 180,706 Guatemala Quetzaltenango
6%
66 161,584 Angola N'dalatando
4%
64 172,150 Belarus Baranovichi
2%
50 243,927 Nepal Biratnagar
2%
49 244,129 Ecuador Portoviejo
2%
36 542,522 South Korea Pyeongtaek
2%
58 208,400 Ethiopia Shashemene
2%
53 225,251 Philippines Cabanatuan
0%
69 152,698 Cameroon Ngaoundere
0%
61 182,970 Tanzania Sumbawanga
0%
65 168,686 Kazakhstan Taldykorgan
0%
No matching quizzes found
Score Distribution
Percent of People with Each Score
Percentile by Number Answered
Your Score History
You have not taken this quiz